Score 0/22 Timer 03:00
2 Plays Today
Hint Answer % Correct
Philadelphia _____Eagles
93.8%
New York _____Yankees
92.9%
Utah _____Jazz
92.3%
Detroit _____Lions
92.2%
Atlanta _____Falcons
91.7%
Golden State _____Warriors
91.3%
Boston _____Bruins
91%
Seattle _____Seahawks
89.5%
Cleveland _____Indians
89.5%
Baltimore _____Orioles
89.1%
Minnesota _____Vikings
88.4%
Hint Answer % Correct
Los Angeles _____Kings
87.6%
Dallas _____Mavericks
87.2%
Colorado _____Avalanche
85.6%
Vancouver _____Canucks
85.4%
Arizona _____Diamondbacks
85.2%
Memphis _____Grizzlies
84.8%
Washington _____Nationals
83.3%
Oklahoma City _____Thunder
82.7%
Tampa Bay _____Rays
82%
New Orleans _____Pelicans
76.7%
Carolina _____Hurricanes
69.7%

Today's Daily Dose

Missing Word
Purple Things

Word Ladder
Bell-Bottoms

Get the Picture
The Beatles Albums

You're not logged in!

Compare scores with friends on all Sporcle quizzes.
OR
Log In

Sporcle TV

Today on Sporcle TV


Watch our educational content, quiz creation guides, and fun videos on Sporcle TV.

Show Comments

Extras

Top Quizzes Today


Score Distribution

Paid Content

Your Account Isn't Verified!

In order to create a playlist on Sporcle, you need to verify the email address you used during registration. Go to your Sporcle Settings to finish the process.

Report this User

Report this user for behavior that violates our Community Guidelines.

Details: